|
|
|
|
| LEADER |
00000nam0a2200000 4500 |
| 001 |
16862 |
| 005 |
20260227145433.0 |
| 010 |
|
|
|a 5010025469
|
| 035 |
|
|
|a (RuTPU)RU\TPU\book\16991
|
| 035 |
|
|
|a BOOK00017060
|
| 090 |
|
|
|a 16862
|
| 100 |
|
|
|a 20011209d1990 km y0rusy50 ca
|
| 101 |
0 |
|
|a rus
|
| 102 |
|
|
|a RU
|
| 105 |
|
|
|a y z 000zb
|
| 200 |
1 |
|
|a О Сталине и сталинизме
|f Р. А. Медведев
|
| 210 |
|
|
|a Москва
|c Прогресс
|d 1990
|
| 215 |
|
|
|a 488 с.
|
| 600 |
|
1 |
|a Сталин
|g Иосиф Виссарионович
|b И. В.
|f 1878 - 1953
|c российский политический и государственный деятель
|c Генеральный секретарь ЦК КПСС
|c настоящая фамилия Джугашвилли
|c псевдоним Коба
|2 stltpui
|3 (RuTPU)RU\TPU\pers\1058
|
| 606 |
|
|
|a Деятели политические и государственные
|x Персоналии
|y СССР
|z 1917-1991
|7 ca
|8 rus
|9 85368
|
| 606 |
|
|
|a Культ личности Сталина
|9 82103
|
| 610 |
1 |
|
|a история
|
| 610 |
1 |
|
|a Россия
|
| 610 |
1 |
|
|a СССР
|
| 610 |
1 |
|
|a 20 век
|
| 610 |
1 |
|
|a сталинизм
|
| 686 |
|
|
|a Т3(2)6-3
|2 rubbk
|
| 686 |
|
|
|a Ф61(2)8
|2 rubbk
|
| 700 |
|
1 |
|a Медведев
|b Р. А.
|g Рой Александрович
|
| 801 |
|
0 |
|a RU
|b 63413507
|c 20011209
|g PSBO
|
| 801 |
|
2 |
|a RU
|b 63413507
|c 20090402
|g PSBO
|
| 942 |
|
|
|c BK
|